000 00448nmm a2200145Ia 4500
008 251105s9999||||xx |||||||||||||||||und||
041 _aspa
100 _aHibbert, Christopher
245 0 _aBreve historia de rey Arturo
264 _a[Madrid, España] :
_bEdiciones Nowtilus,
_c[Fecha de publicación no identificada]
300 _a176 páginas
650 _aMythology
856 _uhttps://public.digitaliapublishing.com/a/84359
942 _cCF
999 _c103895
_d103895